Prevenció del consum del tabac : tu decideixes! tu decideixes!
Publicado:
Barcelona :
Diputació de Barcelona. Àrea d'Atenció a les Persones. Servei de Salut Pública ,
2014
Descripción Física:
1 tríptic : il. ; 21 cm
MARC
| LEADER | 00000nam a2200000Ia 4500 | ||
|---|---|---|---|
| 001 | 24124 | ||
| 003 | Arxiu | ||
| 005 | 20260324180623.0 | ||
| 008 | 160829s2014 xx 000 0 cat d | ||
| 040 | |a agdb |b cat | ||
| 080 | |a FU-64-68 | ||
| 245 | |a Prevenció del consum del tabac : |b tu decideixes! | ||
| 260 | |a Barcelona : |b Diputació de Barcelona. Àrea d'Atenció a les Persones. Servei de Salut Pública, |c 2014 | ||
| 300 | |a 1 tríptic : |b il. ; |c 21 cm | ||
| 650 | 0 | |a Adolescents |x Salut i higiene |z Barcelona (Catalunya : Província) |9 50294 | |
| 650 | 0 | |a Hàbit de fumar |x Prevenció |9 46571 |2 Arxiu | |
| 650 | 0 | |a Tabaquisme |9 50295 | |
| 710 | |a Barcelona (Catalunya : Província). |b Servei de Salut Pública |9 52202 | ||
| 856 | |u www.diba.cat/salutpublica | ||
| 901 | |a Arxiu | ||
| 942 | |n 1 |2 udc | ||
| 952 | |0 0 |1 0 |4 0 |6 FU6468 |7 1 |9 55939 |a Arxiu |b Arxiu |d 2016-12-01 |l 0 |o FU-64-68 |p 24124 |r 2016-12-01 00:00:00 |w 2016-12-01 |y ARXIU | ||
| 999 | |c 59812 |d 59812 | ||